[Event "US Amateur West"]
[Site "?"]
[Date "2009.05.24"]
[Round "3.3"]
[White "Mateer, Amanda"]
[Black "Tanner, Robert"]
[Result "1/2-1/2"]
[WhiteElo "2002"]
[BlackElo "2084"]
[PlyCount "23"]
[EventDate "2009.??.??"]
[SourceDate "2007.07.20"]

1. d4 d5 2. c4 c6 3. Nc3 Nf6 4. Nf3 dxc4 5. a4 Bf5 6. Ne5 e6 7. f3 Bb4 8. Bg5
Qa5 9. Bd2 Qd8 10. Bg5 Qa5 11. Bd2 Qd8 12. Bg5 1/2-1/2

[Event "US Amateur West"]
[Site "?"]
[Date "2009.05.24"]
[Round "3.4"]
[White "Ding, Richard"]
[Black "Lebovitz, Andrew"]
[Result "1-0"]
[WhiteElo "2071"]
[BlackElo "1964"]
[PlyCount "97"]
[EventDate "2009.??.??"]
[SourceDate "2007.07.20"]

1. e4 e6 2. d4 d5 3. Nc3 Bb4 4. Nge2 dxe4 5. a3 Be7 6. Nxe4 Nc6 7. Be3 Nf6 8.
N2g3 O-O 9. Nxf6+ Bxf6 10. c3 e5 11. d5 Ne7 12. Bc4 Nf5 13. O-O Nd6 14. Bd3 g6
15. c4 e4 16. Nxe4 Bxb2 17. Ra2 Bg7 18. Nxd6 cxd6 19. Qd2 Re8 20. Qb4 Be5 21.
Re2 Qf6 22. Kh1 b6 23. Bd4 Bg4 24. Bxe5 Rxe5 25. Rxe5 Qxe5 26. c5 Be2 27. Re1
bxc5 28. Qd2 Qxd5 29. Qxe2 Qb3 30. Bc4 Qxa3 31. Qe4 Rf8 32. g3 Qc3 33. Re3 Qa5
34. Qb7 Qb6 35. Qd5 Qc7 36. Rf3 Kg7 37. Rb3 Qe7 38. Kg2 Qf6 39. Rb7 a5 40. Rd7
a4 41. Rxd6 Qd4 42. Qxd4+ cxd4 43. Rxd4 Rb8 44. Rd7 Rb4 45. Rxf7+ Kh6 46. Bd5
Rd4 47. Bf3 a3 48. Ra7 Rd3 49. h4 1-0

[Event "US Amateur West"]
[Site "?"]
[Date "2009.05.24"]
[Round "3.5"]
[White "Schucker, Daniel"]
[Black "Marmont, Ben"]
[Result "0-1"]
[WhiteElo "1886"]
[BlackElo "2145"]
[PlyCount "62"]
[EventDate "2009.??.??"]
[SourceDate "2007.07.20"]

1. d4 Nf6 2. Nf3 g6 3. Nc3 d5 4. Bf4 Bg7 5. e3 O-O 6. Be2 Re8 7. h4 c5 8. Qd2
Nc6 9. Ne5 Bf5 10. g4 Be6 11. h5 Rc8 12. hxg6 hxg6 13. O-O-O Qa5 14. Kb1 cxd4
15. exd4 Nd7 16. Bh6 Bxe5 17. dxe5 d4 18. Bg7 f6 19. Bd3 Ncxe5 20. Rh8+ Kf7 21.
Rh7 Bxa2+ 22. Kc1 dxc3 23. Bxf6+ Ke6 24. Qf4 Bd5 25. Bf5+ gxf5 26. Qxf5+ Kd6
27. Bxe5+ Nxe5 28. Rh6+ e6 29. bxc3 Qa1+ 30. Kd2 Qxc3+ 31. Ke2 Qxc2+ 0-1

[Event "US Amateur West"]
[Site "?"]
[Date "2009.05.24"]
[Round "3"]
[White "Woodson, Landon"]
[Black "Belche, Donald"]
[Result "1-0"]
[WhiteElo "1169"]
[BlackElo "1327"]
[PlyCount "77"]
[EventDate "2009.??.??"]
[SourceDate "2007.07.20"]

1. e4 c6 2. d4 d5 3. Nc3 e6 4. e5 Bd7 5. Nf3 Qb6 6. Bd3 c5 7. Ne2 c4 8. Bxc4
dxc4 9. O-O Be7 10. Nf4 f6 11. d5 fxe5 12. Nxe5 Nf6 13. Nxc4 Qc5 14. dxe6 Qxc4
15. exd7+ Nbxd7 16. Re1 Kf7 17. g4 h6 18. b3 Qc8 19. Rxe7+ Kxe7 20. Qe2+ Kd6
21. Ba3+ Nc5 22. Rd1+ Kc6 23. Bxc5 Qxg4+ 24. Qxg4 Nxg4 25. Ne6 b6 26. Rd6+ Kb5
27. c4+ Ka5 28. Ba3 Nf6 29. Bb2 h5 30. Nxg7 Ne4 31. Rd5+ Nc5 32. Ne6 Rhg8+ 33.
Kf1 Rac8 34. Nd4 Rg5 35. Ba3 Ka6 36. b4 Nd7 37. Rxd7 Rxc4 38. b5+ Ka5 39. Rxa7#
1-0

[Event "US Amateur West"]
[Site "?"]
[Date "2009.05.24"]
[Round "4.1"]
[White "Zhang, Kevin"]
[Black "Ding, Richard"]
[Result "1/2-1/2"]
[WhiteElo "2145"]
[BlackElo "2071"]
[PlyCount "58"]
[EventDate "2009.??.??"]
[SourceDate "2007.07.20"]

1. e4 e6 2. d4 d5 3. Nd2 Nc6 4. Ngf3 Nf6 5. e5 Nd7 6. c3 f6 7. exf6 Qxf6 8. Be2
Bd6 9. O-O O-O 10. Nb3 Nb6 11. Bg5 Qf7 12. Bh4 e5 13. dxe5 Nxe5 14. Nxe5 Bxe5
15. Bg3 Bf6 16. Re1 Nc4 17. Qc2 b6 18. Rad1 Bb7 19. Nd4 Bxd4 20. Rxd4 c5 21.
Rdd1 Rad8 22. Bh4 Qf4 23. Bg3 Qf6 24. Bf3 Rf7 25. Re2 Re7 26. Rde1 Rde8 27. b3
Ne5 28. Bxe5 Rxe5 29. Qd3 Qg5 1/2-1/2

[Event "US Amateur West"]
[Site "?"]
[Date "2009.05.24"]
[Round "4.2"]
[White "Keough, Robert"]
[Black "Kruml, Joseph"]
[Result "0-1"]
[WhiteElo "2009"]
[BlackElo "2165"]
[PlyCount "84"]
[EventDate "2009.??.??"]
[SourceDate "2007.07.20"]

1. e4 d6 2. d4 Nf6 3. Bd3 e5 4. Nf3 exd4 5. Nxd4 Nc6 6. Nxc6 bxc6 7. O-O Be7 8.
b3 O-O 9. Bb2 Ng4 10. Nd2 Bf6 11. Bxf6 Qxf6 12. h3 Ne5 13. f4 Nxd3 14. cxd3
Qd4+ 15. Kh1 Qxd3 16. f5 f6 17. Rf3 Qd4 18. Rc1 c5 19. Rg3 Rf7 20. Rc4 Qe5 21.
Rg4 a5 22. Nf3 Qe8 23. Ng1 Bb7 24. Ne2 Ba6 25. Rc3 Bxe2 26. Qxe2 a4 27. Qc4
axb3 28. Qxb3 Qa4 29. Qxa4 Rxa4 30. a3 Re7 31. Rb3 Kf7 32. Kg1 g5 33. fxg6+
hxg6 34. Rbg3 g5 35. Re3 d5 36. exd5 Rxg4 37. Rxe7+ Kxe7 38. hxg4 Kd6 39. Kf2
Kxd5 40. Ke3 Kc4 41. a4 Kb4 42. Kd3 c4+ 0-1

[Event "US Amateur West"]
[Site "?"]
[Date "2009.05.24"]
[Round "4.3"]
[White "Marmont, Ben"]
[Black "Thompson, Nick"]
[Result "1/2-1/2"]
[WhiteElo "2145"]
[BlackElo "2044"]
[PlyCount "65"]
[EventDate "2009.??.??"]
[SourceDate "2007.07.20"]

1. e4 c5 2. Nf3 e6 3. d4 cxd4 4. Nxd4 Nc6 5. Nc3 Qc7 6. Be3 a6 7. Bd3 Nf6 8.
O-O Ne5 9. f4 Neg4 10. Bd2 Bc5 11. Nce2 d6 12. h3 Nh6 13. Kh1 b5 14. b4 Ba7 15.
c3 Bb7 16. Ng3 Nhg8 17. a4 bxa4 18. Rxa4 Ne7 19. Qa1 O-O 20. b5 Bxd4 21. cxd4
axb5 22. Rxa8 Rxa8 23. Qb1 d5 24. e5 Ne4 25. Nxe4 dxe4 26. Bxe4 Bxe4 27. Qxe4
Qc6 28. Qd3 Qc4 29. Qxc4 bxc4 30. Rc1 Rc8 31. Bb4 Nd5 32. Bc5 Nxf4 33. Rxc4
1/2-1/2

[Event "US Amateur West"]
[Site "?"]
[Date "2009.05.24"]
[Round "4.4"]
[White "Tanner, Robert"]
[Black "Peavey, Fletcher"]
[Result "1/2-1/2"]
[WhiteElo "2084"]
[BlackElo "1894"]
[PlyCount "36"]
[EventDate "2009.??.??"]
[SourceDate "2007.07.20"]

1. e4 c5 2. Nf3 Nc6 3. Bb5 Nd4 4. Bc4 e6 5. c3 Nxf3+ 6. Qxf3 Qf6 7. Qxf6 Nxf6
8. d3 d5 9. Bb5+ Bd7 10. Bxd7+ Kxd7 11. exd5 exd5 12. O-O b6 13. Nd2 Bd6 14.
Nf3 Rhe8 15. Bd2 Re6 16. Rfe1 Rae8 17. Kf1 Rxe1+ 18. Rxe1 Rxe1+ 1/2-1/2

[Event "US Amateur West"]
[Site "?"]
[Date "2009.05.24"]
[Round "4.5"]
[White "St. Pierre, Joseph"]
[Black "Mateer, Amanda"]
[Result "1-0"]
[WhiteElo "2051"]
[BlackElo "2002"]
[PlyCount "47"]
[EventDate "2009.??.??"]
[SourceDate "2007.07.20"]

1. e4 c5 2. Nf3 d6 3. d4 cxd4 4. Nxd4 Nf6 5. Nc3 a6 6. Bg5 e6 7. f4 Be7 8. Qf3
Qc7 9. O-O-O Nbd7 10. g4 b5 11. Bxf6 Bxf6 12. Bxb5 O-O 13. Bxd7 Bxd7 14. g5 Be7
15. h4 Rab8 16. f5 Qb7 17. Nb3 exf5 18. Nd5 Rfe8 19. exf5 Bc6 20. Rhe1 Bxg5+
21. hxg5 Rxe1 22. Rxe1 Bxd5 23. Qe3 g6 24. Qe8+ 1-0

[Event "US Amateur West"]
[Site "?"]
[Date "2009.05.24"]
[Round "4.7"]
[White "Feldstein, Robert"]
[Black "Schucker, Daniel"]
[Result "0-1"]
[WhiteElo "2000"]
[BlackElo "1886"]
[PlyCount "59"]
[EventDate "2009.??.??"]
[SourceDate "2007.07.20"]

1. Nf3 Nf6 2. c4 e6 3. d4 d5 4. Nc3 c6 5. cxd5 exd5 6. e3 Bd6 7. Bd3 O-O 8. O-O
Qe7 9. Re1 Ne4 10. Bxe4 dxe4 11. Nd2 f5 12. f3 Qh4 13. Nf1 exf3 14. g3 Qg4 15.
Kf2 Nd7 16. Qxf3 Qxf3+ 17. Kxf3 Nf6 18. Kg2 Be6 19. Nd2 Rae8 20. Nf3 Ne4 21.
Nxe4 fxe4 22. Ng5 Bf5 23. Bd2 h6 24. Nh3 Bxh3+ 25. Kxh3 Rf2 26. Bc3 Ref8 27.
Rac1 h5 28. Rcd1 g5 29. Rh1 Be7 30. g4 0-1

[Event "US Amateur West"]
[Site "?"]
[Date "2009.05.24"]
[Round "4"]
[White "Aradhyula, Sumhith"]
[Black "El-Kareh, Ardith"]
[Result "1-0"]
[WhiteElo "1299"]
[BlackElo "1233"]
[PlyCount "109"]
[EventDate "2009.??.??"]
[SourceDate "2007.07.20"]

1. e4 d5 2. exd5 Nf6 3. d4 Nxd5 4. c4 Nf6 5. Nc3 Bf5 6. Nf3 e6 7. a3 Nbd7 8.
Be2 c5 9. O-O cxd4 10. Nxd4 Bg6 11. b4 a5 12. b5 Bd6 13. Nf3 Ne5 14. Nh4 Qc7
15. Nxg6 hxg6 16. f4 Bc5+ 17. Kh1 Nh5 18. Ne4 f5 19. Bxh5 Rxh5 20. Nxc5 Qxc5
21. fxe5 Qxe5 22. Bf4 Qf6 23. Re1 Rd8 24. Qe2 Kf7 25. Rad1 Re8 26. Be5 Qe7 27.
Rd6 Reh8 28. h3 Rxh3+ 29. gxh3 Rxh3+ 30. Kg2 Qh4 31. Red1 Kg8 32. Rd8+ Kh7 33.
R1d7 Kh6 34. Rh8+ Kg5 35. Rxh4 Rxh4 36. Qe3+ f4 37. Bxf4+ Rxf4 38. Rd4 e5 39.
Qg3+ Kf5 40. Rxf4+ exf4 41. Qf3 g5 42. Qxb7 g6 43. c5 g4 44. Qd5+ Kf6 45. b6
f3+ 46. Kf2 g5 47. b7 Kg6 48. b8=Q g3+ 49. Qxg3 Kf6 50. Qgxf3+ Kg6 51. Qc6+ Kg7
52. Qc3+ Kf7 53. Q3f6+ Kg8 54. Qe7 g4 55. Qc8# 1-0

[Event "US Amateur West"]
[Site "?"]
[Date "2009.05.24"]
[Round "4"]
[White "Kestler, Ed"]
[Black "Angeli, Peter"]
[Result "0-1"]
[WhiteElo "1558"]
[BlackElo "1336"]
[PlyCount "97"]
[EventDate "2009.??.??"]
[SourceDate "2007.07.20"]

1. e4 d5 2. exd5 Qxd5 3. Nc3 Qa5 4. d4 Nf6 5. Bc4 c6 6. Nf3 Bg4 7. O-O e6 8.
Re1 Nbd7 9. h3 Bh5 10. Bxe6 fxe6 11. Rxe6+ Be7 12. Qe2 Ng8 13. Bg5 Qxg5 14.
Nxg5 Bxe2 15. Rxe2 Nf8 16. Rae1 h6 17. Ne6 Nxe6 18. Rxe6 g5 19. d5 O-O-O 20.
dxc6 Bb4 21. cxb7+ Kxb7 22. R1e5 Bxc3 23. bxc3 Rh7 24. Rb5+ Kc7 25. Ra6 Ra8 26.
c4 Ne7 27. a4 Nc6 28. Rc5 Kb7 29. Raxc6 Rd8 30. a5 a6 31. Rb6+ Ka7 32. Rcc6 Rd2
33. Rxa6+ Kb7 34. Rcb6+ Kc8 35. Ra8+ Kd7 36. Ra7+ Ke8 37. Rxh7 Rd8 38. Rh8+ Ke7
39. Rxd8 Kxd8 40. Rxh6 Kc7 41. c5 Kb7 42. c6+ Kc7 43. c4 Kb8 44. Rh7 Kc8 45. a6
Kb8 46. c7+ Kc8 47. a7 Kb7 48. c8=Q+ Kxc8 49. a8=Q# 0-1

[Event "US Amateur West"]
[Site "?"]
[Date "2009.05.25"]
[Round "4"]
[White "Kuhnel, Martin"]
[Black "McManus, Timothy"]
[Result "0-1"]
[WhiteElo "1263"]
[BlackElo "1220"]
[PlyCount "48"]
[EventDate "2009.??.??"]
[SourceDate "2007.07.20"]

1. Nf3 Nc6 2. d4 d5 3. c4 Nf6 4. Nc3 Bg4 5. e3 e5 6. h3 exd4 7. exd4 Bxf3 8.
Qxf3 Nxd4 9. Qe3+ Qe7 10. Nxd5 Nxd5 11. Qxe7+ Nxe7 12. Bd3 O-O-O 13. Be4 Nec6
14. O-O Bc5 15. Be3 Ne2+ 16. Kh1 Bxe3 17. fxe3 Ng3+ 18. Kg1 Nxf1 19. Rxf1 Ne5
20. b3 f6 21. Rf5 Rd2 22. Bd5 c6 23. Bf3 Nxf3+ 24. Rxf3 Rxa2 0-1

[Event "US Amateur West"]
[Site "?"]
[Date "2009.05.24"]
[Round "4"]
[White "Quesada, Richard"]
[Black "Woodson, Landon"]
[Result "0-1"]
[WhiteElo "1333"]
[BlackElo "1169"]
[PlyCount "94"]
[EventDate "2009.??.??"]
[SourceDate "2007.07.20"]

1. e4 e6 2. d4 d5 3. e5 c5 4. c3 Qb6 5. Nf3 Nc6 6. Be2 Nh6 7. O-O Nf5 8. g4 Nh6
9. h3 Be7 10. Qc2 cxd4 11. Bxh6 gxh6 12. Bd3 dxc3 13. Nxc3 Bd7 14. Na4 Nb4 15.
Nxb6 Nxc2 16. Nxa8 Nxa1 17. Nc7+ Kd8 18. Nxe6+ fxe6 19. Rxa1 Bc5 20. Rc1 Rf8
21. Rxc5 Rxf3 22. Bxh7 Rxh3 23. Kg2 Rh4 24. f3 h5 25. g5 Rc4 26. Rxc4 dxc4 27.
g6 Be8 28. g7 Bf7 29. g8=Q+ Bxg8 30. Bxg8 Ke7 31. Bh7 Kf7 32. f4 Kg7 33. Be4 b5
34. f5 exf5 35. Bxf5 b4 36. e6 Kf6 37. e7 Kxe7 38. Kh3 Kf6 39. Bc2 Ke5 40. b3
c3 41. Kh4 Kd4 42. Kxh5 Ke3 43. Kg5 Kd2 44. Bh7 c2 45. Bxc2 Kxc2 46. Kf4 Kb2
47. Ke3 Kxa2 0-1

[Event "US Amateur West"]
[Site "?"]
[Date "2009.05.25"]
[Round "5.1"]
[White "Kruml, Joseph"]
[Black "Ding, Richard"]
[Result "1-0"]
[WhiteElo "2165"]
[BlackElo "2071"]
[PlyCount "99"]
[EventDate "2009.??.??"]
[SourceDate "2007.07.20"]

1. b3 e5 2. Bb2 Nc6 3. e3 Bc5 4. Nf3 Qe7 5. Bb5 d6 6. d4 exd4 7. Nxd4 Bxd4 8.
Qxd4 Nf6 9. Bxc6+ bxc6 10. Nc3 c5 11. Qa4+ Bd7 12. Qa5 Bc6 13. O-O O-O 14. Rae1
Ne4 15. Ne2 Rab8 16. f3 Ng5 17. Ng3 f6 18. Nf5 Qd7 19. e4 Rfe8 20. c4 Nf7 21.
Rf2 Ne5 22. Rd1 Qf7 23. Bc3 Ra8 24. Qa6 Rab8 25. Qa3 Rb7 26. Qc1 Bd7 27. Ne3
Nc6 28. Nd5 Nb4 29. Bxb4 cxb4 30. c5 Be6 31. cxd6 cxd6 32. Rc2 f5 33. Nc7 Re7
34. Nxe6 Qxe6 35. Rc8+ Re8 36. Rxe8+ Qxe8 37. exf5 Rb6 38. Qf4 Qe7 39. Kf2 h6
40. Re1 Qf7 41. g4 Kh7 42. Re6 Ra6 43. Qe4 Rxa2+ 44. Kg3 d5 45. Qe5 Ra5 46. Kf4
Qf8 47. Re8 Qc5 48. Qb8 Qd4+ 49. Kg3 Qg1+ 50. Kh3 1-0

[Event "US Amateur West"]
[Site "?"]
[Date "2009.05.25"]
[Round "5.2"]
[White "Marmont, Ben"]
[Black "St. Pierre, Joseph"]
[Result "1-0"]
[WhiteElo "2145"]
[BlackElo "2051"]
[PlyCount "79"]
[EventDate "2009.??.??"]
[SourceDate "2007.07.20"]

1. e4 c5 2. Nf3 d6 3. d4 cxd4 4. Qxd4 Nc6 5. Bb5 Bd7 6. Bxc6 Bxc6 7. Nc3 Qa5 8.
Bg5 Nf6 9. O-O-O h6 10. Bxf6 gxf6 11. Kb1 Qc5 12. Nd5 Qxd4 13. Nxd4 O-O-O 14.
Rhe1 Rg8 15. g3 Bxd5 16. exd5 Rg5 17. c4 Kd7 18. f4 Rg4 19. Rd3 Rc8 20. b3 h5
21. h4 Re8 22. Rde3 Bg7 23. Kc2 f5 24. Nxf5 e6 25. Nxg7 Rxg7 26. dxe6+ fxe6 27.
Rd1 Ke7 28. Rdd3 Rd8 29. Kd2 b6 30. a4 Kf6 31. Ke2 Kf5 32. Kf2 a5 33. Re2 Re7
34. Rb2 e5 35. fxe5 Rxe5 36. Rbd2 Ke6 37. Rd5 Rf5+ 38. Kg2 Rxd5 39. Rxd5 Rh8
40. Rb5 1-0

[Event "US Amateur West"]
[Site "?"]
[Date "2009.05.25"]
[Round "5.3"]
[White "Peavy, Fletcher"]
[Black "Purcell, Brendan"]
[Result "1-0"]
[WhiteElo "1894"]
[BlackElo "2096"]
[PlyCount "63"]
[EventDate "2009.??.??"]
[SourceDate "2007.07.20"]

1. c4 c6 2. Nc3 d5 3. d4 Nf6 4. Bg5 dxc4 5. e4 b5 6. a3 Nbd7 7. f4 h6 8. Bh4
Nb6 9. Nf3 Bg4 10. Be2 Qc7 11. O-O g5 12. fxg5 Bxf3 13. gxf6 Bxe2 14. Qxe2 e5
15. dxe5 Bc5+ 16. Kh1 O-O-O 17. Qh5 Bd4 18. e6 fxe6 19. f7 Rdf8 20. Rad1 e5 21.
Bf6 Nd7 22. Bxh8 Rxh8 23. Qg4 Rf8 24. Qg7 Qd6 25. Ne2 c5 26. Nc3 b4 27. axb4
cxb4 28. Nb5 Qc5 29. Nxd4 exd4 30. Qxd4 Qxd4 31. Rxd4 Ne5 32. Rf5 1-0

[Event "US Amateur West"]
[Site "?"]
[Date "2009.05.25"]
[Round "5.4"]
[White "Cayton, Ralph"]
[Black "Tanner, Robert"]
[Result "1-0"]
[WhiteElo "1974"]
[BlackElo "2084"]
[PlyCount "107"]
[EventDate "2009.??.??"]
[SourceDate "2007.07.20"]

1. Nf3 Nf6 2. d4 d5 3. c4 c6 4. cxd5 cxd5 5. Nc3 Bf5 6. Qb3 b6 7. Bf4 a6 8. e3
e6 9. Bxb8 Qxb8 10. Bxa6 Bd6 11. Be2 Ke7 12. Nb5 Rc8 13. Bd3 Bxd3 14. Qxd3 Bb4+
15. Ke2 Qb7 16. a3 Bd6 17. Nxd6 Kxd6 18. Rhc1 Rxc1 19. Rxc1 Rc8 20. Rc2 Ne4 21.
Ne1 Rc6 22. f3 Nf6 23. Rxc6+ Qxc6 24. Qc2 Qb5+ 25. Nd3 h6 26. Kf2 Nd7 27. Qc3
g6 28. Qb4+ Kc6 29. Qxb5+ Kxb5 30. b3 Nb8 31. Ke2 Nc6 32. Kd2 Ka6 33. Kc3 Ka5
34. Ne5 Nxe5 35. dxe5 Kb5 36. Kd4 Ka5 37. f4 Kb5 38. Kc3 Ka5 39. g3 Kb5 40. h3
Ka5 41. Kd4 Kb5 42. g4 Ka5 43. e4 dxe4 44. Kxe4 Kb5 45. Kd4 Ka5 46. Kc4 Ka6 47.
Kb4 h5 48. gxh5 gxh5 49. h4 Ka7 50. Kb5 Kb7 51. a4 Kc7 52. Ka6 Kc6 53. b4 Kc7
54. b5 1-0

[Event "US Amateur West"]
[Site "?"]
[Date "2009.05.25"]
[Round "5"]
[White "El-Kareh, Ardith"]
[Black "Quesada, Richard"]
[Result "1-0"]
[WhiteElo "1233"]
[BlackElo "1333"]
[PlyCount "57"]
[EventDate "2009.??.??"]
[SourceDate "2007.07.20"]

1. Nf3 d5 2. d4 Bf5 3. g3 Nf6 4. Bg2 e6 5. O-O Bd6 6. Re1 Ne4 7. Nbd2 h5 8. Nh4
g5 9. Nxf5 exf5 10. c4 c6 11. Nxe4 dxe4 12. c5 Bc7 13. Qb3 b6 14. e3 h4 15. Bd2
Qf6 16. d5 hxg3 17. Bc3 gxf2+ 18. Kxf2 Be5 19. dxc6 Rxh2 20. c7 Nd7 21. Qd5 Rc8
22. c6 Rxg2+ 23. Kxg2 Rxc7 24. cxd7+ Rxd7 25. Qxe5+ Qxe5 26. Bxe5 Rd2+ 27. Kf1
Ke7 28. Red1 Rc2 29. Rac1 1-0

[Event "US Amateur West"]
[Site "?"]
[Date "2009.05.25"]
[Round "5"]
[White "Woodson, Landon"]
[Black "Newell, Robert"]
[Result "0-1"]
[WhiteElo "1169"]
[BlackElo "1445"]
[PlyCount "120"]
[EventDate "2009.??.??"]
[SourceDate "2007.07.20"]

1. e4 d5 2. exd5 Qxd5 3. Nc3 Qa5 4. d4 c6 5. Nf3 Nf6 6. Bd2 Qc7 7. Bc4 Bf5 8.
O-O e6 9. Ne5 Nbd7 10. Bf4 Bd6 11. Qe2 Ng4 12. Nxg4 Bxf4 13. g3 h5 14. Ne3 Bxe3
15. fxe3 O-O-O 16. e4 Bg4 17. Qd3 Rdf8 18. Na4 h4 19. Bb3 Qxg3+ 20. Qxg3 hxg3
21. hxg3 Rh3 22. Kg2 Rfh8 23. Rh1 Rxh1 24. Rxh1 Bf3+ 25. Kxf3 Rxh1 26. c4 Rh2
27. c5 Nf6 28. Bc4 Rd2 29. Ke3 Rd1 30. Be2 Re1 31. a3 Ne8 32. Nc3 Nc7 33. Kf2
Rh1 34. Bf3 Rh2+ 35. Bg2 Nb5 36. Ne2 Kd7 37. a4 Nc7 38. Nf4 Ne8 39. Nh3 Nf6 40.
Kg1 Rxg2+ 41. Kxg2 Nxe4 42. Kf3 Nd2+ 43. Ke2 Ne4 44. Kf3 Nf6 45. Ng5 Ke7 46.
Ne4 Nxe4 47. Kxe4 f6 48. b4 a6 49. a5 f5+ 50. Ke5 g6 51. Kf4 Kf6 52. Kf3 Kg5
53. Ke3 Kg4 54. Kf2 f4 55. gxf4 Kxf4 56. Kg2 g5 57. Kf2 g4 58. Kg2 g3 59. Kh1
Ke4 60. Kg2 Kxd4 0-1

[Event "US Amateur West"]
[Site "?"]
[Date "2009.05.25"]
[Round "6.1"]
[White "Kruml, Joseph"]
[Black "Marmont, Ben"]
[Result "1/2-1/2"]
[WhiteElo "2165"]
[BlackElo "2145"]
[PlyCount "87"]
[EventDate "2009.??.??"]
[SourceDate "2007.07.20"]

1. b3 e5 2. Bb2 Nc6 3. e3 Nf6 4. Bb5 Bd6 5. a3 O-O 6. Be2 Re8 7. c4 Bf8 8. d3
d5 9. cxd5 Nxd5 10. Nd2 Be6 11. Ngf3 f6 12. Qc2 Qd7 13. O-O Rad8 14. Rac1 Nb6
15. b4 a6 16. Rfd1 Qf7 17. Kh1 Bd6 18. Rg1 Kh8 19. Ne4 h6 20. d4 Bb3 21. Qb1
Ba2 22. Qa1 Bd5 23. Nc5 e4 24. Nd2 Rb8 25. Qb1 f5 26. g3 Nd7 27. Nxd7 Qxd7 28.
Nc4 b5 29. Nxd6 cxd6 30. Bc3 Ne7 31. Rc2 Rec8 32. Rgc1 Bc4 33. Be1 Bxe2 34.
Rxe2 Rxc1 35. Qxc1 Rc8 36. Rc2 Rxc2 37. Qxc2 Qc8 38. Qd1 Qc4 39. Kg2 g6 40. d5
Nxd5 41. Qa1+ Kg8 42. Bd2 g5 43. a4 Qe2 44. Qa2 1/2-1/2

[Event "US Amateur West"]
[Site "?"]
[Date "2009.05.25"]
[Round "6.2"]
[White "Qi, Eric"]
[Black "Cayton, Ralph"]
[Result "1-0"]
[WhiteElo "2000"]
[BlackElo "1974"]
[PlyCount "89"]
[EventDate "2009.??.??"]
[SourceDate "2007.07.20"]

1. e4 e6 2. d4 d5 3. Nd2 Be7 4. Ngf3 dxe4 5. Nxe4 Nf6 6. Nxf6+ Bxf6 7. c3 Nd7
8. Bf4 O-O 9. Bd3 c5 10. O-O cxd4 11. cxd4 Nb6 12. Qe2 Nd5 13. Qe4 g6 14. Bh6
Re8 15. Ne5 Bg5 16. Ng4 Bxh6 17. Nxh6+ Kg7 18. Ng4 Qd6 19. Ne5 Rd8 20. Nf3 Bd7
21. Qe5+ Qxe5 22. dxe5 Bc6 23. Be4 Nb4 24. Bxc6 Nxc6 25. Rfd1 h6 26. h4 Kf8 27.
a3 Ke7 28. Kf1 Rxd1+ 29. Rxd1 Rd8 30. Rxd8 Kxd8 31. Ke2 Kc7 32. Kd3 b5 33. Ke4
a5 34. g4 Kb6 35. h5 gxh5 36. gxh5 Kc5 37. Nd2 a4 38. f4 Na5 39. Kd3 Nc6 40.
Ne4+ Kb6 41. Nd6 Nd8 42. Kc3 Kc5 43. Ne4+ Kb6 44. Nf6 Nc6 45. Ng8 1-0

[Event "US Amateur West"]
[Site "?"]
[Date "2009.05.25"]
[Round "6.3"]
[White "Ding, Richard"]
[Black "Peavy, Fletcher"]
[Result "1-0"]
[WhiteElo "2071"]
[BlackElo "1894"]
[PlyCount "37"]
[EventDate "2009.??.??"]
[SourceDate "2007.07.20"]

1. e4 c5 2. Nf3 Nc6 3. d4 cxd4 4. Nxd4 g6 5. Nc3 Bg7 6. Be3 Nf6 7. Bc4 O-O 8.
Bb3 d6 9. f3 Bd7 10. Qd2 a5 11. a4 Qb8 12. h4 h5 13. Ndb5 Ne5 14. Bh6 Bxh6 15.
Qxh6 Rc8 16. O-O-O Nc4 17. g4 hxg4 18. h5 Nxh5 19. Nd5 1-0

[Event "US Amateur West"]
[Site "?"]
[Date "2009.05.25"]
[Round "6.29"]
[White "Archer, W H."]
[Black "Brady, Nick"]
[Result "0-1"]
[WhiteElo "1556"]
[BlackElo "1551"]
[PlyCount "82"]
[EventDate "2009.??.??"]
[SourceDate "2007.07.20"]

1. e4 e6 2. Nf3 d5 3. exd5 exd5 4. d4 Nf6 5. Bd3 Bg4 6. O-O Bd6 7. Re1+ Be7 8.
Qe2 Bxf3 9. Qxf3 O-O 10. Bg5 Nbd7 11. Nc3 c6 12. Re2 Bd6 13. Rae1 Qb6 14. Be3
Qxb2 15. Bd2 Qb6 16. Be3 Rfe8 17. Rb1 Qc7 18. h3 Re7 19. Qf5 Rae8 20. Kf1 Qa5
21. Rb3 b5 22. g4 h6 23. g5 hxg5 24. Qxg5 Bb4 25. Nb1 Ne4 26. Qg2 Re6 27. Bf4
Nc3 28. Rxe6 Rxe6 29. Be3 Nxa2 30. Qg4 Nf6 31. Qf3 Nc3 32. Nxc3 Bxc3 33. Qd1
Ne4 34. Be2 Qc7 35. Kg2 Rg6+ 36. Kh1 Ng3+ 37. fxg3 Qxg3 38. Qf1 Qxe3 39. Bd3
Rf6 40. Qe2 Qxh3+ 41. Kg1 Bxd4+ 0-1

[Event "US Amateur West"]
[Site "?"]
[Date "2009.05.25"]
[Round "6"]
[White "Lebovitz, Laurence"]
[Black "Wright, John"]
[Result "1-0"]
[WhiteElo "1612"]
[BlackElo "1779"]
[PlyCount "45"]
[EventDate "2009.??.??"]
[SourceDate "2007.07.20"]

1. f4 d5 2. e3 Nf6 3. b3 Nbd7 4. Nf3 e6 5. Bb2 Be7 6. Be2 O-O 7. O-O b6 8. Ne5
Bb7 9. d3 c5 10. Nd2 Qc7 11. Qe1 Bd6 12. Qg3 Bxe5 13. fxe5 Ne8 14. Bg4 d4 15.
exd4 cxd4 16. Bxd4 Qxc2 17. Nc4 b5 18. Rf2 Qxf2+ 19. Qxf2 bxc4 20. dxc4 a5 21.
Rf1 Nc7 22. Bc5 Nxc5 23. Qxc5 1-0